[Event "DEM U12 2012"]
[Site "Oberhof GER"]
[Date "2012.05.30"]
[Round "6"]
[White "Schmidek, Emil"]
[Black "Vogel, Roven"]
[Result "1/2-1/2"]
[Termination "normal"]
[Board "1"]
[WhiteElo "1800"]
[BlackElo "1944"]
[PlyCount "42"]
[WhiteFideId "12908150"]
[BlackFideId "12908088"]
[EventCountry "GER"]
[EventRounds "11"]
[EventType "swiss"]
[EventDate "2012.05.26"]

1. e4 c6 2. d4 d5 3. Nc3 dxe4 4. Nxe4 Nd7 5. Nf3 Ngf6 6. Ng3 e6 7. Bd2 Qc7 8.
c4 b6 9. Qc2 Bb7 10. Be2 c5 11. O-O-O Be7 12. Bc3 O-O-O 13. Kb1 h5 14. Ng5 Rdf8
15. Bf3 h4 16. Bxb7+ Qxb7 17. N3e4 Nxe4 18. Nxe4 f5 19. Nd2 cxd4 20. Bxd4 e5
21. Rhe1 Bd6 1/2-1/2

[Event "DEM U12 2012"]
[Site "Oberhof GER"]
[Date "2012.05.30"]
[Round "6"]
[White "Kitze, Alexander"]
[Black "Gungl, Theo"]
[Result "0-1"]
[Termination "normal"]
[Board "2"]
[WhiteElo "1811"]
[BlackElo "1818"]
[PlyCount "48"]
[WhiteFideId "12914827"]
[BlackFideId "24695653"]
[EventCountry "GER"]
[EventRounds "11"]
[EventType "swiss"]
[EventDate "2012.05.26"]

1. e4 c6 2. d4 d5 3. exd5 cxd5 4. c4 Nf6 5. Nc3 Nc6 6. Bg5 e6 7. c5 Be7 8. Nf3
O-O 9. Bb5 Ne4 10. Bxe7 Nxe7 11. Rc1 Bd7 12. Bd3 f5 13. O-O Ng6 14. Ne2 Rc8 15.
a4 Qe8 16. a5 a6 17. Nc3 Qd8 18. b4 Be8 19. g3 Ne7 20. Ne5 Nc6 21. Nxc6 Bxc6
22. f3 Ng5 23. Qe2 Qf6 24. Qf2 Nh3+ 0-1

[Event "DEM U12 2012"]
[Site "Oberhof GER"]
[Date "2012.05.30"]
[Round "6"]
[White "Ovsepyan, Arshak"]
[Black "Urban, Konstantin"]
[Result "0-1"]
[Termination "normal"]
[Board "3"]
[WhiteElo "1951"]
[BlackElo "1766"]
[PlyCount "104"]
[WhiteFideId "24690236"]
[BlackFideId "12927511"]
[EventCountry "GER"]
[EventRounds "11"]
[EventType "swiss"]
[EventDate "2012.05.26"]

1. d4 Nf6 2. c4 g6 3. Nc3 Bg7 4. Nf3 d6 5. Bg5 O-O 6. e3 Nbd7 7. Be2 c5 8. O-O
a6 9. Qc2 b6 10. Rfd1 Bb7 11. d5 Qc7 12. e4 Rae8 13. h3 e5 14. Nh2 h6 15. Bd2
Kh7 16. Rf1 Ng8 17. Bd3 Bc8 18. Rae1 Re7 19. Kh1 Ngf6 20. a3 Rfe8 21. Re2 Bb7
22. Rfe1 Bc8 23. Qb1 Bb7 24. Nf1 Bc8 25. Be3 Bb7 26. Nd2 Bc8 27. Qc2 Bb7 28. f4
Nh5 29. Rf2 exf4 30. Bxf4 Nxf4 31. Rxf4 Ne5 32. Be2 Bc8 33. Rff1 Bd7 34. Nf3
Bc8 35. Nb1 Bd7 36. Nbd2 Nxf3 37. Bxf3 Qc8 38. Nb1 b5 39. b3 Bd4 40. Re2 Be5
41. g4 Kg7 42. Rg1 Rh8 43. h4 bxc4 44. bxc4 h5 45. gxh5 Ba4 46. Bg4 Bxc2 47.
Bxc8 Bxb1 48. Bxa6 Bd3 49. Re3 Bc2 50. Rg2 Bd4 51. Re1 Bxe4 52. Kh2 Be5+ 0-1

[Event "DEM U12 2012"]
[Site "Oberhof GER"]
[Date "2012.05.30"]
[Round "6"]
[White "Muckle, Julius"]
[Black "Dürr, Florian"]
[Result "1/2-1/2"]
[Termination "normal"]
[Board "4"]
[WhiteElo "1541"]
[BlackElo "1934"]
[PlyCount "81"]
[WhiteFideId "12942430"]
[BlackFideId "24659134"]
[EventCountry "GER"]
[EventRounds "11"]
[EventType "swiss"]
[EventDate "2012.05.26"]

1. d4 Nf6 2. c4 g6 3. f3 c5 4. d5 d6 5. e4 Bg7 6. Nc3 O-O 7. Be3 Na6 8. a3 Rb8
9. Bd3 Nc7 10. Nge2 Bd7 11. b4 b6 12. O-O a5 13. b5 Bc8 14. Rc1 Bb7 15. Ng3 e6
16. Qd2 exd5 17. exd5 Nd7 18. Kh1 Ne5 19. f4 Ng4 20. Bg1 f5 21. Be2 Nf6 22. Bf3
Qd7 23. Na4 Na8 24. Rfe1 Rbe8 25. Re6 Bc8 26. Rce1 Qd8 27. R6e2 Rxe2 28. Rxe2
Re8 29. Qe1 Kf7 30. Bf2 Rxe2 31. Qxe2 Qe8 32. Kg1 h6 33. h3 Qxe2 34. Bxe2 Bd7
35. Bd3 Ne8 36. Kf1 Bf6 37. Ne2 g5 38. g3 Ng7 39. Kg2 Bc8 40. Be3 Bd7 41. Bf2
1/2-1/2

[Event "DEM U12 2012"]
[Site "Oberhof GER"]
[Date "2012.05.30"]
[Round "6"]
[White "Schröder, Kevin"]
[Black "Martin, Julian"]
[Result "0-1"]
[Termination "normal"]
[Board "5"]
[WhiteElo "2036"]
[BlackElo "1627"]
[PlyCount "84"]
[WhiteFideId "12929840"]
[BlackFideId "12941000"]
[EventCountry "GER"]
[EventRounds "11"]
[EventType "swiss"]
[EventDate "2012.05.26"]

1. e4 d5 2. exd5 Qxd5 3. Nc3 Qd6 4. d4 c6 5. Nf3 Bf5 6. Ne5 e6 7. g4 Bg6 8. h4
f6 9. h5 Bxc2 10. Qxc2 fxe5 11. Ne4 Qxd4 12. Be3 Bb4+ 13. Ke2 Qd8 14. Rd1 Nd7
15. Qb3 Qe7 16. a3 Bc5 17. Rxd7 Qxd7 18. Bxc5 O-O-O 19. Nd6+ Kb8 20. Bg2 Nf6
21. Qa4 a6 22. Qa5 Qe7 23. Rd1 Nd5 24. Bxd5 exd5 25. Qb6 Rxd6 26. Qa7+ Kc7 27.
Bb6+ Kd7 28. Qxb7+ Ke6 29. Qxa6 c5 30. a4 Qh4 31. Rg1 Rf8 32. Rg2 Qh1 33. Rg3
Qh2 34. Rf3 Rxf3 35. Qc8+ Kf6 36. Qf8+ Kg5 37. Bd8+ Rxd8 38. Qxg7+ Kh4 39. Qe7+
Kh3 40. Kxf3 Qf4+ 41. Ke2 Rb8 42. b4 Rxb4 0-1

[Event "DEM U12 2012"]
[Site "Oberhof GER"]
[Date "2012.05.30"]
[Round "6"]
[White "Balazs, Balint"]
[Black "Lagunow, Raphael"]
[Result "0-1"]
[Termination "normal"]
[Board "6"]
[WhiteElo "1758"]
[BlackElo "1860"]
[PlyCount "70"]
[WhiteFideId "12922757"]
[BlackFideId "24652644"]
[EventCountry "GER"]
[EventRounds "11"]
[EventType "swiss"]
[EventDate "2012.05.26"]

1. d4 Nf6 2. Bf4 g6 3. Nc3 d5 4. Qd2 Bg7 5. Bh6 Bxh6 6. Qxh6 c5 7. dxc5 Qa5 8.
O-O-O Nc6 9. Nf3 Qxc5 10. e3 Bg4 11. Be2 O-O-O 12. Qf4 Bf5 13. Bb5 Ne4 14. Bxc6
Nxc3 15. Bxb7+ Kxb7 16. bxc3 Qxc3 17. Qa4 Ka8 18. Nd4 Bd7 19. Qb3 Qc5 20. Qd3
e6 21. Nb3 Qa3+ 22. Kb1 Rb8 23. Ka1 Bb5 24. Qd4 Rhc8 25. Qb2 Qa6 26. Rd4 Bc4
27. Rhd1 Rb5 28. e4 Rcb8 29. Rb1 e5 30. Rdd1 d4 31. Qc1 d3 32. cxd3 Bxb3 33.
Rd2 Bxa2 34. Rbb2 Rxb2 35. Rxb2 Bc4+ 0-1

[Event "DEM U12 2012"]
[Site "Oberhof GER"]
[Date "2012.05.30"]
[Round "6"]
[White "Nothnagel, Marian Can"]
[Black "Baberz, Alexander"]
[Result "0-1"]
[Termination "normal"]
[Board "7"]
[WhiteElo "1723"]
[BlackElo "1815"]
[PlyCount "64"]
[WhiteFideId "12921530"]
[BlackFideId "12921734"]
[EventCountry "GER"]
[EventRounds "11"]
[EventType "swiss"]
[EventDate "2012.05.26"]

1. e4 c5 2. Nf3 d6 3. d4 cxd4 4. Nxd4 Nf6 5. Nc3 a6 6. Be3 e5 7. Nb3 Be7 8. f3
Be6 9. Qd2 O-O 10. O-O-O Nbd7 11. g4 Qc7 12. h4 b5 13. Kb1 Nb6 14. h5 Nc4 15.
Bxc4 Bxc4 16. g5 b4 17. Ne2 Ne8 18. f4 Rd8 19. Ng3 d5 20. Nf5 d4 21. fxe5 d3
22. Nxe7+ Qxe7 23. Bc5 Qxe5 24. Bxf8 Qxe4 25. c3 bxc3 26. bxc3 Kxf8 27. g6 Rb8
28. gxh7 Qxh7 29. Kb2 Nd6 30. h6 Bxb3 31. hxg7+ Qxg7 32. Qf4 Bxd1+ 0-1

[Event "DEM U12 2012"]
[Site "Oberhof GER"]
[Date "2012.05.30"]
[Round "6"]
[White "Sieber, Fiona"]
[Black "Zienert, Richard"]
[Result "0-1"]
[Termination "normal"]
[Board "8"]
[WhiteElo "1771"]
[BlackElo "1649"]
[PlyCount "142"]
[WhiteFideId "12902373"]
[BlackFideId "12945986"]
[EventCountry "GER"]
[EventRounds "11"]
[EventType "swiss"]
[EventDate "2012.05.26"]

1. e4 c5 2. Nf3 e6 3. d4 cxd4 4. Nxd4 a6 5. Bd3 Qc7 6. O-O Nc6 7. Nxc6 dxc6 8.
f4 Bc5+ 9. Kh1 b5 10. Nd2 h5 11. Qe2 Bb7 12. e5 Ne7 13. Ne4 Qb6 14. c3 Nd5 15.
f5 O-O-O 16. fxe6 fxe6 17. Bg5 Rd7 18. Rf3 b4 19. cxb4 Nxb4 20. Bc4 Nd5 21. Rc1
Bd4 22. Nd6+ Kb8 23. Rb3 Qa5 24. Bd2 Qd8 25. Bxa6 Nb6 26. Bxb7 Rxb7 27. Nxb7
Kxb7 28. Qe4 Qd5 29. Qxd5 cxd5 30. Ba5 Ra8 31. Bxb6 Bxb6 32. a3 Ra4 33. Rb4
Rxb4 34. axb4 Bd4 35. Re1 Bxb2 36. Re3 Bd4 37. Rb3 Kb6 38. b5 Kc5 39. b6 Bxe5
40. b7 Bb8 41. Kg1 d4 42. Kf2 e5 43. Ke2 e4 44. Rb1 Kc6 45. h3 h4 46. Kd2 Bf4+
47. Kd1 Bb8 48. Ke2 Kd5 49. Rc1 d3+ 50. Ke3 Ba7+ 51. Kd2 Kd4 52. Rc8 e3+ 53.
Kd1 e2+ 54. Kd2 Bb6 55. b8=Q Ba5+ 56. Kc1 e1=Q+ 57. Kb2 Bc3+ 58. Kb3 Qd1+ 59.
Ka3 Qa1+ 60. Kb3 Qb2+ 61. Ka4 Qa2+ 62. Kb5 Qb3+ 63. Kc6 Qxb8 64. Rxb8 d2 65.
Rb5 Ke3 66. Rb1 Ke2 67. Kd5 d1=Q+ 68. Rxd1 Kxd1 69. Ke4 Be1 70. Kf3 Bg3 71. Ke3
Ke1 0-1

[Event "DEM U12 2012"]
[Site "Oberhof GER"]
[Date "2012.05.30"]
[Round "6"]
[White "Nguyen, Huy Dat"]
[Black "Graf, Clara Victoria"]
[Result "1/2-1/2"]
[Termination "normal"]
[Board "9"]
[WhiteElo "1764"]
[BlackElo "1727"]
[PlyCount "101"]
[WhiteFideId "12923486"]
[BlackFideId "1270339"]
[EventCountry "GER"]
[EventRounds "11"]
[EventType "swiss"]
[EventDate "2012.05.26"]

1. g3 Nf6 2. Bg2 g6 3. c4 Bg7 4. Nf3 O-O 5. O-O d6 6. Nc3 e5 7. d3 Nc6 8. Rb1
a5 9. a3 h6 10. b4 axb4 11. axb4 Be6 12. Qc2 Qd7 13. b5 Ne7 14. Rd1 Bh3 15. Bh1
Nh5 16. Nd2 c6 17. Na4 Nf5 18. Bb2 Rab8 19. bxc6 bxc6 20. Ne4 Ne7 21. c5 d5 22.
Nd6 f5 23. e4 fxe4 24. dxe4 d4 25. Qc4+ Be6 26. Qe2 Bb3 27. Ra1 Bxd1 28. Qxd1
Qe6 29. Bg2 Nc8 30. Nxc8 Qxc8 31. Nb6 Qe6 32. Bf1 Kh7 33. Bc4 Qf6 34. Qe2 Rb7
35. Ba6 Rc7 36. Ra3 Rcf7 37. f3 Qe7 38. Na4 Rb8 39. Bc4 Rff8 40. Rd3 Rb4 41.
Qc2 Rb7 42. Ba3 Nf6 43. Nb6 Nd7 44. Ba6 Rbb8 45. Rb3 Qd8 46. Qc4 Qe7 47. Qc2
Qd8 48. Qc4 Qe7 49. Qc2 Qf7 50. Bc4 Qe7 51. Ba6 1/2-1/2

[Event "DEM U12 2012"]
[Site "Oberhof GER"]
[Date "2012.05.30"]
[Round "6"]
[White "Bergauz, Noam"]
[Black "Burg, Niclas"]
[Result "1/2-1/2"]
[Termination "normal"]
[Board "10"]
[WhiteElo "1865"]
[BlackElo "1614"]
[PlyCount "65"]
[WhiteFideId "12938033"]
[BlackFideId "1271968"]
[EventCountry "GER"]
[EventRounds "11"]
[EventType "swiss"]
[EventDate "2012.05.26"]

1. e4 c5 2. Nf3 Nc6 3. d4 cxd4 4. Nxd4 Nf6 5. Nc3 e5 6. Ndb5 d6 7. Nd5 Nxd5 8.
exd5 Nb8 9. c4 Be7 10. Bd3 O-O 11. O-O f5 12. f3 f4 13. Qc2 h5 14. b3 a6 15.
Nc3 Nd7 16. Kh1 Nf6 17. Bg6 Bd7 18. Bb2 Be8 19. Rfd1 Bxg6 20. Qxg6 Qe8 21. Qxe8
Rfxe8 22. Ba3 b6 23. Rac1 Rab8 24. Ne4 Nxe4 25. fxe4 Rec8 26. Kg1 g5 27. b4 b5
28. c5 Kf7 29. Bb2 Kf6 30. Rd2 Rb7 31. Rdd1 Rd7 32. cxd6 Rxc1 33. Rxc1 1/2-1/2

[Event "DEM U12 2012"]
[Site "Oberhof GER"]
[Date "2012.05.30"]
[Round "6"]
[White "Rogozenco, Teodora"]
[Black "Pallas, Sebastian"]
[Result "0-1"]
[Termination "normal"]
[Board "11"]
[WhiteElo "1651"]
[BlackElo "1793"]
[PlyCount "114"]
[WhiteFideId "12938084"]
[BlackFideId "12905453"]
[EventCountry "GER"]
[EventRounds "11"]
[EventType "swiss"]
[EventDate "2012.05.26"]

1. d4 Nf6 2. Nf3 g6 3. c4 Bg7 4. g3 O-O 5. Bg2 d5 6. cxd5 Nxd5 7. e4 Nb6 8. h3
c5 9. d5 e6 10. d6 Nc4 11. Qc2 Nxd6 12. e5 Nf5 13. Qxc5 Nd7 14. Qc3 Nb6 15. O-O
Nd5 16. Qc2 Qb6 17. Kh2 Bd7 18. Qe2 Bb5 19. Qe1 Bxf1 20. Qxf1 Rac8 21. Na3 a6
22. b3 Rfd8 23. Bb2 Qc7 24. Qe1 b5 25. Rc1 Qb8 26. Rxc8 Rxc8 27. Bf1 Bf8 28.
Bd3 Bb4 29. Qf1 Nfe7 30. Bb1 Nc3 31. Nc2 Ned5 32. Nxb4 Nxb4 33. Bxc3 Rxc3 34.
Qd1 Qc7 35. Qe2 Nd5 36. Kg2 Rc1 37. Be4 Nc3 38. Qe3 Nxe4 39. Qxe4 Rc2 40. a4
Qc5 41. Nd4 Rd2 42. axb5 Qxd4 43. Qxd4 Rxd4 44. bxa6 Rd7 45. b4 Ra7 46. b5 Kf8
47. Kf3 Ke7 48. Ke4 Kd7 49. Kd4 Kc8 50. Kc5 Rc7+ 51. Kb6 Kb8 52. Ka5 Rc5 53.
Kb4 Rxe5 54. b6 Re2 55. Kc5 Rxf2 56. Kc6 Rc2+ 57. Kd7 Ra2 0-1

[Event "DEM U12 2012"]
[Site "Oberhof GER"]
[Date "2012.05.30"]
[Round "6"]
[White "Poghosyan, Tigran"]
[Black "Rätzke von Stoyentin, Steffen"]
[Result "0-1"]
[Termination "normal"]
[Board "12"]
[WhiteElo "1860"]
[BlackElo "1741"]
[PlyCount "122"]
[WhiteFideId "12909319"]
[BlackFideId "12907502"]
[EventCountry "GER"]
[EventRounds "11"]
[EventType "swiss"]
[EventDate "2012.05.26"]

1. e4 c5 2. Nf3 Nf6 3. Nc3 Nc6 4. d4 d5 5. exd5 Nxd5 6. Nxd5 Qxd5 7. c4 Qe4+ 8.
Be3 cxd4 9. Nxd4 e5 10. Nxc6 Qxc6 11. a3 Be6 12. Qb3 Be7 13. Qb5 Qxb5 14. cxb5
b6 15. Rc1 Rc8 16. Rxc8+ Bxc8 17. Bd3 O-O 18. O-O Rd8 19. Rc1 Be6 20. Be2 Rc8
21. Rxc8+ Bxc8 22. Kf1 Bf6 23. Ke1 Bb7 24. f3 e4 25. b3 exf3 26. gxf3 Bd5 27.
Bd1 Be5 28. h3 Be6 29. h4 Bg3+ 30. Kd2 Bxh4 31. Bf4 Bd8 32. Bb8 h5 33. a4 g5
34. Ke1 h4 35. Kf1 f6 36. Bxa7 Bc7 37. a5 Bd5 38. Bxb6 Bxb6 39. axb6 Kf7 40.
Kf2 Ke7 41. Bc2 Kd6 42. Bf5 Kc5 43. Ke3 Kxb6 44. f4 Kxb5 45. fxg5 fxg5 46. Kf2
Bxb3 47. Kg2 Bd1 48. Kh3 Kc5 49. Bd7 Kd4 50. Bc8 Ke4 51. Bd7 Kf4 52. Bc8 Be2
53. Bd7 Bf1+ 54. Kh2 g4 55. Kg1 Bd3 56. Bc8 g3 57. Bh3 Bf5 58. Bg2 h3 59. Bxh3
Bxh3 60. Kh1 Kf3 61. Kg1 g2 0-1

[Event "DEM U12 2012"]
[Site "Oberhof GER"]
[Date "2012.05.30"]
[Round "6"]
[White "Greßmann, Moritz"]
[Black "Herbrig, Alexander"]
[Result "1/2-1/2"]
[Termination "normal"]
[Board "13"]
[WhiteElo "1821"]
[BlackElo "1662"]
[PlyCount "49"]
[WhiteFideId "24695084"]
[BlackFideId "12952044"]
[EventCountry "GER"]
[EventRounds "11"]
[EventType "swiss"]
[EventDate "2012.05.26"]

1. e4 c5 2. Nc3 Nc6 3. Bb5 Nd4 4. Bc4 e6 5. Nf3 a6 6. Nxd4 cxd4 7. Ne2 b5 8.
Bb3 Bb7 9. d3 Qb6 10. O-O Ne7 11. Kh1 g6 12. Bg5 Bg7 13. Bxe7 Kxe7 14. Qd2 Rac8
15. Nf4 Qc6 16. Rae1 Kf8 17. Qb4+ Qc5 18. Qxc5+ Rxc5 19. Nh3 h6 20. f4 f5 21.
Ng1 Kf7 22. Nf3 Rf8 23. e5 Bxf3 24. Rxf3 a5 25. a4 1/2-1/2

[Event "DEM U12 2012"]
[Site "Oberhof GER"]
[Date "2012.05.30"]
[Round "6"]
[White "Höglauer, Patrick"]
[Black "Schnabel, Bennett"]
[Result "1-0"]
[Termination "normal"]
[Board "14"]
[WhiteElo "1847"]
[BlackElo "1693"]
[PlyCount "57"]
[WhiteFideId "1270548"]
[BlackFideId "12943290"]
[EventCountry "GER"]
[EventRounds "11"]
[EventType "swiss"]
[EventDate "2012.05.26"]

1. d4 d5 2. c4 e6 3. Nc3 c6 4. Nf3 Bd6 5. cxd5 cxd5 6. Qc2 Nc6 7. a3 h6 8. e3
Nf6 9. Bd3 O-O 10. O-O a6 11. Bd2 Bd7 12. Rac1 Rc8 13. Qb1 Qe7 14. Rc2 Rc7 15.
Rfc1 Na7 16. Ne5 Rcc8 17. f4 Ne8 18. e4 dxe4 19. Nxe4 Rxc2 20. Qxc2 Bb5 21. a4
Bxd3 22. Qxd3 Nf6 23. Nxf6+ gxf6 24. Ng4 h5 25. Qg3 hxg4 26. Qxg4+ Kh7 27. Rc3
f5 28. Rh3+ Qh4 29. Rxh4# 1-0

[Event "DEM U12 2012"]
[Site "Oberhof GER"]
[Date "2012.05.30"]
[Round "6"]
[White "Buckels, Valentin"]
[Black "Schirra, Maurice"]
[Result "1-0"]
[Termination "normal"]
[Board "15"]
[WhiteElo "1805"]
[BlackElo "1617"]
[PlyCount "91"]
[WhiteFideId "12942766"]
[BlackFideId "12941115"]
[EventCountry "GER"]
[EventRounds "11"]
[EventType "swiss"]
[EventDate "2012.05.26"]

1. d4 Nf6 2. c4 g6 3. Nf3 Bg7 4. g3 O-O 5. Bg2 c6 6. O-O d5 7. b3 Re8 8. Bb2
Bf5 9. Nc3 Ne4 10. Nh4 Nxc3 11. Bxc3 Be6 12. Qd3 Bf6 13. Nf3 Bf5 14. Qd2 Be4
15. Qh6 Bg7 16. Qd2 Bf6 17. Bh3 Nd7 18. Ng5 e6 19. Nxe4 dxe4 20. Qc2 e5 21.
Rad1 exd4 22. Bxd4 Qe7 23. Bxd7 Red8 24. Bxf6 Qxf6 25. Bh3 Rxd1 26. Rxd1 e3 27.
f3 Rd8 28. Rxd8+ Qxd8 29. Qd3 Qe7 30. Bg2 Qe5 31. Bf1 c5 32. f4 Qd4 33. Qxd4
cxd4 34. Bg2 b6 35. Bd5 Kf8 36. Kf1 Ke7 37. Ke1 f6 38. Kd1 Kd6 39. b4 b5 40.
Kc2 bxc4 41. Bxc4 g5 42. Kd3 g4 43. Kxd4 f5 44. Kxe3 Kc6 45. Kd4 Kd6 46. a4 1-0

[Event "DEM U12 2012"]
[Site "Oberhof GER"]
[Date "2012.05.30"]
[Round "6"]
[White "Kololli, Kevin"]
[Black "Kuhn, Magnus"]
[Result "1-0"]
[Termination "normal"]
[Board "16"]
[WhiteElo "1767"]
[BlackElo "1658"]
[PlyCount "85"]
[WhiteFideId "12936863"]
[BlackFideId "12926345"]
[EventCountry "GER"]
[EventRounds "11"]
[EventType "swiss"]
[EventDate "2012.05.26"]

1. e4 e5 2. Nf3 Nc6 3. Bc4 Bc5 4. b4 Bxb4 5. c3 Be7 6. d4 Na5 7. Be2 d6 8. dxe5
dxe5 9. Qxd8+ Bxd8 10. Nxe5 Nf6 11. f3 O-O 12. O-O Re8 13. Nc4 Nxc4 14. Bxc4 c6
15. Be3 Bc7 16. Nd2 b6 17. a4 Bb7 18. Nb3 c5 19. Bb5 Red8 20. a5 h6 21. g3 Ne8
22. a6 Bc8 23. Bc6 Rb8 24. Bd5 Nf6 25. c4 Be5 26. Ra2 Re8 27. f4 Bc3 28. Bd2
Bxd2 29. Nxd2 Bd7 30. e5 Nh7 31. Ne4 Be6 32. Nd6 Re7 33. Rb2 Nf8 34. Re2 Nd7
35. Nb5 Nf8 36. f5 Bc8 37. f6 gxf6 38. Rxf6 Kg7 39. Ref2 Be6 40. Nd6 Nd7 41.
Bxe6 fxe6 42. Rf7+ Rxf7 43. Rxf7+ 1-0

[Event "DEM U12 2012"]
[Site "Oberhof GER"]
[Date "2012.05.30"]
[Round "6"]
[White "Kololli, Martin"]
[Black "Diener, Carolin Valeria"]
[Result "1-0"]
[Termination "normal"]
[Board "17"]
[WhiteElo "1739"]
[BlackElo "1745"]
[PlyCount "45"]
[WhiteFideId "12936910"]
[BlackFideId "24699063"]
[EventCountry "GER"]
[EventRounds "11"]
[EventType "swiss"]
[EventDate "2012.05.26"]

1. e4 e5 2. Nf3 Nc6 3. Bc4 Nf6 4. d4 exd4 5. O-O d5 6. exd5 Nxd5 7. Nxd4 Nxd4
8. Qxd4 Be6 9. Re1 c6 10. Nc3 Nxc3 11. Qxc3 Qd7 12. Bg5 b5 13. Rad1 Qxd1 14.
Bxe6 Qxe1+ 15. Qxe1 Bd6 16. Bb3+ Kf8 17. Qd2 Be7 18. Qd7 Re8 19. g3 h6 20. Qf5
Bf6 21. Bxf6 gxf6 22. Qxf6 Rh7 23. Qxc6 1-0

[Event "DEM U12 2012"]
[Site "Oberhof GER"]
[Date "2012.05.30"]
[Round "6"]
[White "Gauchel, Lorenz"]
[Black "Hartmann, Martin"]
[Result "1-0"]
[Termination "normal"]
[Board "18"]
[WhiteElo "1620"]
[BlackElo "1728"]
[PlyCount "191"]
[WhiteFideId "12905283"]
[BlackFideId "12911925"]
[EventCountry "GER"]
[EventRounds "11"]
[EventType "swiss"]
[EventDate "2012.05.26"]

1. d4 d5 2. c4 e6 3. Nf3 Nf6 4. cxd5 exd5 5. Nc3 c5 6. Bg5 cxd4 7. Nxd4 Be7 8.
e3 a6 9. Be2 Nc6 10. O-O O-O 11. Rc1 Ne5 12. Qb3 Ned7 13. Rfd1 Nc5 14. Qc2 Nce4
15. Bxf6 Nxf6 16. Bf3 Be6 17. Qb3 Qd7 18. Rc2 b5 19. Rdc1 Bd6 20. g3 Be5 21.
Nce2 Rfc8 22. Qd3 Rxc2 23. Rxc2 Rc8 24. Rc3 h5 25. Qc2 Rxc3 26. Qxc3 Bg4 27.
Qc2 h4 28. Bg2 hxg3 29. hxg3 Bh3 30. b3 Bxg2 31. Kxg2 Ng4 32. Qf5 Qxf5 33. Nxf5
Nf6 34. Nf4 Bxf4 35. gxf4 Kf8 36. f3 g6 37. Nd4 Ke7 38. Kf2 Kd6 39. b4 Nd7 40.
Ke2 Nb6 41. Kd3 f5 42. Nc2 Nd7 43. Ne1 Nf8 44. Ng2 Ne6 45. Nh4 Nf8 46. Kc3 Kc6
47. Ng2 Nd7 48. Ne1 Kc7 49. Kd4 Kd6 50. Nd3 Nb6 51. Ne5 Nc4 52. Nxg6 Na3 53.
Kd3 Nc4 54. Nh4 Ke6 55. Ng2 Kd6 56. Ne1 Na3 57. Kc3 Nc4 58. Nc2 Ke7 59. Kd3 Ke6
60. Nd4+ Kf6 61. Nc6 Ke6 62. Nd4+ Kf6 63. Nb3 Ke7 64. Nc5 a5 65. bxa5 Nxa5 66.
Kd4 Kd6 67. Nb3 Nc4 68. Kd3 Nb2+ 69. Ke2 Nc4 70. Nd4 Kc5 71. Nxf5 Kb4 72. Nd4
Nd6 73. f5 Ka3 74. f6 b4 75. Nc2+ Ka4 76. e4 dxe4 77. fxe4 Nf7 78. Ke3 b3 79.
axb3+ Kxb3 80. Nd4+ Kc4 81. Ne6 Kb5 82. Kf4 Kc6 83. Ng5 Nh8 84. Kf5 Kd7 85. e5
Ke8 86. Ke6 Kf8 87. f7 Kg7 88. Ke7 Ng6+ 89. Ke8 Nf8 90. e6 Kh8 91. e7 Kg7 92.
exf8=Q+ Kf6 93. Qh6+ Ke5 94. Qe6+ Kd4 95. f8=Q Kd3 96. Qfd6+ 1-0

[Event "DEM U12 2012"]
[Site "Oberhof GER"]
[Date "2012.05.30"]
[Round "6"]
[White "Vuckovic, Zarko"]
[Black "Abbasov, Amil"]
[Result "1-0"]
[Termination "normal"]
[Board "19"]
[WhiteElo "1458"]
[BlackElo "1716"]
[PlyCount "147"]
[WhiteFideId "12952087"]
[BlackFideId "12930300"]
[EventCountry "GER"]
[EventRounds "11"]
[EventType "swiss"]
[EventDate "2012.05.26"]

1. e4 d5 2. exd5 Nf6 3. Nf3 Nxd5 4. d4 Bg4 5. Be2 e6 6. h3 Bxf3 7. Bxf3 c6 8.
O-O Bd6 9. Nc3 Bc7 10. Nxd5 cxd5 11. Bg4 Qd6 12. f4 Nc6 13. c3 Ne7 14. Qe2 Ng6
15. Qb5+ Qc6 16. Qxc6+ bxc6 17. f5 exf5 18. Bxf5 Ne7 19. Re1 Bd6 20. Bg5 f6 21.
Bh4 Rb8 22. b3 O-O 23. Bg4 Ng6 24. Bf2 Nf4 25. Rad1 f5 26. Bf3 Rfe8 27. Rxe8+
Rxe8 28. Re1 Rb8 29. Be3 Ng6 30. Kf2 Ba3 31. b4 a5 32. Bd2 axb4 33. Rb1 b3 34.
axb3 Bd6 35. b4 Ra8 36. Re1 Ra2 37. Re2 Kf8 38. Be1 Rxe2+ 39. Bxe2 Ke7 40. g3
Kf6 41. Ba6 f4 42. g4 Kg5 43. Bb7 Ne7 44. Kf3 Kf6 45. h4 h6 46. h5 Kg5 47. Bd2
Bc7 48. Bc1 Bb8 49. Bd2 Bc7 50. Bc1 g6 51. hxg6 Nxg6 52. Bxc6 Nh4+ 53. Kf2 Kxg4
54. Bxd5 f3 55. Be6+ Kh5 56. Bf7+ Kg4 57. Bxh6 Bg3+ 58. Kf1 Kh3 59. Be6+ Kh2
60. Bg4 f2 61. Be3 Bd6 62. Bxf2 Ng6 63. b5 Nf4 64. c4 Nd3 65. c5 Bb8 66. b6 Nb4
67. Be1 Nd5 68. Bf3 Nxb6 69. cxb6 Kh3 70. d5 Kh2 71. b7 Kh3 72. Bf2 Kh2 73. Bc5
Kg3 74. d6 1-0

[Event "DEM U12 2012"]
[Site "Oberhof GER"]
[Date "2012.05.30"]
[Round "6"]
[White "Krüger, David"]
[Black "Schamber, Dennis"]
[Result "1-0"]
[Termination "normal"]
[Board "21"]
[WhiteElo "1762"]
[BlackElo "1108"]
[PlyCount "113"]
[WhiteFideId "12921858"]
[BlackFideId "12952176"]
[EventCountry "GER"]
[EventRounds "11"]
[EventType "swiss"]
[EventDate "2012.05.26"]

1. d4 Nf6 2. c4 g6 3. g3 Bg7 4. Bg2 d6 5. Nc3 O-O 6. Nf3 Nbd7 7. O-O e5 8. d5
Ne8 9. Rb1 f5 10. e3 e4 11. Ne1 Ne5 12. Qe2 Nf6 13. f3 exf3 14. Nxf3 Re8 15. b4
Bh6 16. Nd4 Rb8 17. a4 Neg4 18. Nc2 Qe7 19. Rf3 Ne5 20. Rf1 Neg4 21. Re1 b6 22.
Nb5 a6 23. Nbd4 Bd7 24. Ra1 a5 25. b5 Rbc8 26. Ra3 Ne5 27. Nc6 Bxc6 28. bxc6
Nf7 29. Nd4 Ng5 30. Bb2 Nge4 31. Ne6 Nc5 32. Nxc5 bxc5 33. Qd2 Rb8 34. Bxf6
Qxf6 35. Qxa5 Rb4 36. Qxc7 Rbb8 37. Qa5 Ra8 38. Qd2 Rab8 39. Re2 Rb1+ 40. Kf2
f4 41. gxf4 Bxf4 42. exf4 Rxe2+ 43. Qxe2 Rb2 44. Rf3 Rxe2+ 45. Kxe2 Qb2+ 46.
Kf1 Qa1+ 47. Kf2 Qxa4 48. Bh3 Qa7 49. f5 Kg7 50. f6+ Kf7 51. Be6+ Kf8 52. Kg3
h6 53. Rb3 Qc7 54. Rb7 Qc8 55. Bxc8 h5 56. Be6 Ke8 57. Rb8# 1-0

[Event "DEM U12 2012"]
[Site "Oberhof GER"]
[Date "2012.05.30"]
[Round "6"]
[White "Fieberg, Samuel"]
[Black "Köhler, Inken"]
[Result "1-0"]
[Termination "normal"]
[Board "22"]
[WhiteElo "1872"]
[BlackElo "1459"]
[PlyCount "51"]
[WhiteFideId "12901717"]
[BlackFideId "12929301"]
[EventCountry "GER"]
[EventRounds "11"]
[EventType "swiss"]
[EventDate "2012.05.26"]

1. e4 e5 2. Nf3 Nc6 3. Bc4 Nf6 4. d3 Be7 5. c3 O-O 6. O-O d6 7. Re1 Be6 8. Bxe6
fxe6 9. Qb3 Qc8 10. d4 exd4 11. cxd4 Nd8 12. Nc3 Nf7 13. e5 dxe5 14. dxe5 Ng4
15. h3 Ngh6 16. Nd4 c5 17. Nf3 Nf5 18. Ne4 Nd4 19. Nxd4 cxd4 20. Bf4 Bd8 21.
Rac1 Qd7 22. Nc5 Qe7 23. Nxe6 Re8 24. Nxd4 Bb6 25. Nf5 Qd7 26. e6 1-0